Скорость окисления кислот бензойного ряда перманганатом калия в щелочной среде; Журнал Русского физико-химического общества. Часть химическая; Т. 61, вып. 5

Bibliografiske detaljer
Parent link:Журнал Русского физико-химического общества. Часть химическая
Т. 61, вып. 5.— 1929.— С. 653-665
Hovedforfatter: Тронов Б. В.
Andre forfattere: Григорьева А. А.
Sprog:russisk
Udgivet: 1929
Fag:
Format: MixedMaterials Book Chapter
KOHA link:https://koha.lib.tpu.ru/cgi-bin/koha/opac-detail.pl?biblionumber=591474

MARC

LEADER 00000naa0a2200000 4500
001 591474
005 20250103190406.0
035 |a (RuTPU)RU\TPU\tpu\1803 
035 |a TPU00001803 
090 |a 591474 
100 |a 20011210d1929 k||y0rusy50 ca 
101 0 |a rus 
102 |a RU 
200 1 |a Скорость окисления кислот бензойного ряда перманганатом калия в щелочной среде  |f Б. В. Тронов, А. А. Григорьева 
461 |t Журнал Русского физико-химического общества. Часть химическая 
463 |t Т. 61, вып. 5  |v С. 653-665  |d 1929 
610 1 |a химические науки 
610 1 |a труды учёных ТПУ 
700 1 |a Тронов  |b Б. В. 
701 1 |a Григорьева  |b А. А. 
801 0 |a RU  |b 63413507  |c 20011210  |g PSBO 
801 2 |a RU  |b 63413507  |c 20060224  |g PSBO 
942 |c CR